Andreea Moldovan generální ředitelka AVON Česká republika a Slovensko

Rozhovor s generálnou riaditeľkou Avon Cosmetics pre Českú a Slovenskú republiku. Pochod za zdravé prsia a boj proti rakovine prsníka. Charitatívne projekty - boj proti domácemu násiliu, redukcia uhlíkovej stopy a boj ptori odlesňovaniu. Zastúpenie žien v riadení spoločností. Manažérky v oblasti pri...

Descrizione completa

Salvato in:
Dettagli Bibliografici
Autore principale: Mádlová, Lucie
Altri autori: Moldovan, Andreea
Natura: Capitolo di libro
Lingua:ceco
Soggetti:
Tags: Aggiungi Tag
Nessun Tag, puoi essere il primo ad aggiungerne!!

MARC

LEADER 00000naa a2200000 4500
001 0241040
005 20231012072954.3
041 0 |a cze 
044 |a SK 
245 1 0 |a Andreea Moldovan generální ředitelka AVON Česká republika a Slovensko  |c Lucie Mádlová, Andreea Moldovan 
520 |a Rozhovor s generálnou riaditeľkou Avon Cosmetics pre Českú a Slovenskú republiku. Pochod za zdravé prsia a boj proti rakovine prsníka. Charitatívne projekty - boj proti domácemu násiliu, redukcia uhlíkovej stopy a boj ptori odlesňovaniu. Zastúpenie žien v riadení spoločností. Manažérky v oblasti priameho predaja. Prospešná diverzita. 
610 2 0 |a manažéri 
610 2 0 |a ženy 
610 2 0 |a firmy 
610 2 0 |a vedenie podniku 
610 2 0 |a predaj 
610 2 0 |a kozmetika 
610 2 0 |a zdravie 
100 1 |a Mádlová, Lucie 
700 1 |a Moldovan, Andreea